000 00881nam a22002177a 4500
999 _c907
_d907
003 AR-CdUCM
008 190225b ||||| |||| 00| 0 spa d
040 _aMUNICIPALIDAD PROVINCIAL DEL CUSCO
_cBIBLIOTECA MUNICIPAL DEL CUSCO
082 _a331.973 /
_bP26
100 _aParadis, Adrián A.
_93484
245 _aTrabajo y empresa :
_bhistoria del movimiento obrero en los Estados Unidos /
260 _aMexico :
_bLimusa ,
_c1968.
300 _a236 páginas ;
_bimágenes.
_c20 cm.
505 _aLos comienzos -- La lucha por el reconocimiento -- El periodo Formativo -- Traición de la clase trabajadora -- El movimiento obrero decae -- El gobierno y el trabajador...
650 _aMovimiento obrero.
_93485
650 _aSegunda guerra mundial.
_93486
650 _aClase trabajadora.
_93487
650 _aEstados Unidos.
_91805
942 _2ddc
_cLIBROS
945 _awfj
_d2019-02-25